| 000 | 00447pab a2200169 454500 | ||
|---|---|---|---|
| 008 | 180718b2004 xxu||||| |||| 00| 0 eng d | ||
| 100 | _aChaudhary, Harbax | ||
| 245 | _aDairy cooperative societies: constraints of milk producer members | ||
| 260 | _c2004 | ||
| 300 | _ap.263-72. | ||
| 362 | _aApr | ||
| 650 | _aCooperatives | ||
| 650 | _aDairy industry | ||
| 700 | _aPanwar, J.S. | ||
| 773 | _aIndian Journal of Social Work | ||
| 909 | _a63015 | ||
| 999 |
_c63015 _d63015 |
||